000 00242nam a2200097Ia 4500
001 1157668
005 20250827011246.0
008 250824s9999 xx 000 0 und d
245 0 _aAYI VE KURT
_cDANİEL SALMİERİ
260 _bKETEBE YAYINLARI
999 _c1157668
_d1157668